9 letter word chain - Statistics

General Stats
  • This quiz has been taken 65 times
  • The average score is 9 of 15
Answer Stats
Hint Answer % Correct
Photographer who pursues celebrities Paparazzi
98%
Capital is Canberra Australia
79%
Printed publication Newspaper
78%
Day before today Yesterday
76%
Syringe liquid into the body Injection
74%
Large seabird Albatross
72%
Tiny ice flake Snowflake
69%
Smallest dog breed Chihuahua
66%
People who are Related Relatives
66%
Very funny Hilarious
59%
Water from rain Rainwater
45%
Needed to be done Necessary
40%
Choice Selection
28%
Being bitter to mock Sarcastic
22%
Come into existence, set up Establish
16%
No matching quizzes found
Score Distribution
Percent of People with Each Score
Percentile by Number Answered
Your Score History
You have not taken this quiz